Romans: (Record no. 419)

000 -LEADER
fixed length control field 00671nam a2200193 a 4500
001 - CONTROL NUMBER
control field :::00013573$&:&@@
003 - CONTROL NUMBER IDENTIFIER
control field OkBaRHE
005 - DATE AND TIME OF LATEST TRANSACTION
control field 20100324120304.0
008 - FIXED-LENGTH DATA ELEMENTS--GENERAL INFORMATION
fixed length control field s1986 j 000 0 eng u
040 ## - CATALOGING SOURCE
Transcribing agency
100 1# - MAIN ENTRY--PERSONAL NAME
Personal name Lloyd-Jones, David Martyn.
245 10 - TITLE STATEMENT
Title Romans:
Remainder of title an exposition of chapter I, the gospel of God.
250 ## - EDITION STATEMENT
Edition statement Zondervan ed.
260 ## - PUBLICATION, DISTRIBUTION, ETC. (IMPRINT)
Place of publication, distribution, etc Grand Rapids, MI., :
Name of publisher, distributor, etc Ministry Resources Library
Date of publication, distribution, etc 1986
300 ## - PHYSICAL DESCRIPTION
Extent xii, 394 p. ;
Dimensions 23 cm.
650 ## - SUBJECT ADDED ENTRY--TOPICAL TERM
Topical term or geographic name as entry element Bible New Testament Romans 1
General subdivision Criticism, Interpretation, etc.
942 ## - ADDED ENTRY ELEMENTS (KOHA)
Source of classification or shelving scheme
Koha item type Books
Copies
Date acquired Barcode Copy number Price effective from Lost status Permanent Location Withdrawn status Source of classification or shelving scheme Full call number Not for loan Collection code Date last seen Damaged status Koha item type Shelving location
2010-04-141357312010-04-14 RHEMA Bible Training College  BS 2665.2 .L49 Reference2018-03-28 BooksGeneral Stacks